Les 2 villes les plus peuplées par région française en G - Statistiques

Statistiques générales
  • Ce quiz a été pris 75 fois
  • Le résultat moyen est 6 sur 26
Statistiques - réponses
Régions Départements Population Villes % Correct
Auvergne Rhône Alpes Isère 162 000 Grenoble
97%
Hautes Alpes 41 000 Gap
85%
Provence Alpes Côte d’Azur Alpes Maritimes 49 000 Grasse
69%
Val d'Oise 42 000 Garges les Gonesse
46%
Île de France Hauts de Seine 51 000 Gennevilliers
40%
Normandie Manche 13 000 Granville
37%
Rhône 21 000 Givors
26%
Pays de la Loire Loire Atlantique 17 000 Guérande
26%
Nouvelle Aquitaine Gironde 26 000 Gradignan
23%
Bretagne Finistère 15 000 Guipavas
23%
Centre Val de Loire Loiret 13 000 Gien
22%
Grand Est Haut Rhin 11 000 Guebwiller
22%
Occitanie Tarn 16 000 Gaillac
18%
Bourgogne Franche Comté Saône et Loire 7 000 Gueugnon
17%
Eure 12 000 Gisors
15%
Tarn 13 000 Graulhet
11%
Vosges 9 000 Golbey
9%
Gironde 23 000 Gujan Mestras
9%
Hauts de France Nord 20 000 Grande Synthe
6%
Nord 11 000 Gravelines
6%
Corse Haute Corse 4 000 Ghisonaccia
5%
Morbihan 12 000 Guidel
5%
Eure et Loir 4 000 Gallardon
2%
Côte d'Or 5 000 Genlis
2%
Maine et Loire 8 000 Gennes Val de Loire
0%
Corse du Sud 3 000 Grosseto-Prugna
0%
Aucun quiz correspondant
Distribution des résultats
% des personnes avec chaque résultat
Percentile par nombre de réponses
Votre historique - résultats
Vous n’avez pas pris ce quiz